000 00644nam a2200277Ia 4500
005 20260324130849.0
008 008 260324s9999 xx 000 0 eng d
020 _a9780203763056
037 _aEBOOK
040 _aCRL
040 _beng
040 _cCRL
041 _2eng
041 _aeng
084 _qCRL
100 _aJames Griffin; Ying Jin
_91183344
245 0 _aKey Facts: Intellectual Property
260 _bTaylor and Francis
260 _c2007
365 _a
365 _b280
856 _uhttp://www.taylorfrancis.com/books/9780203763056
942 _cEBOOK
999 _c1779973
_d1779973